[Event "Chess24 Banter Blitz Cup"]
[Site "chess24.com INT"]
[Date "2020.01.06"]
[Round "2.17"]
[White "Abasov, Nijat"]
[Black "Lagarde, Maxime"]
[Result "1/2-1/2"]
[WhiteTitle "GM"]
[BlackTitle "GM"]
[WhiteElo "2632"]
[BlackElo "2657"]
[WhiteFideId "13402960"]
[BlackFideId "662399"]
[EventDate "2019.09.25"]
[EventType "blitz"]

1. e4 c5 2. Nf3 Nc6 3. Bb5 g6 4. Bxc6 bxc6 5. d4 cxd4 6. Qxd4 f6 7. e5 fxe5 8.
Qxe5 Nf6 9. O-O d6 10. Qe2 Bg7 11. Re1 e5 12. Nc3 O-O 13. Qc4+ d5 14. Qxc6 Bd7
15. Qd6 e4 16. Ne5 Bf5 17. Qxd8 Raxd8 18. Nc6 Rd7 19. Be3 Ng4 20. Bd4 Rc8 21.
Bxg7 Kxg7 22. Nd4 Ne5 23. Rad1 Rc5 24. Nxe4 dxe4 25. f4 exf3 26. Nxf5+ gxf5 27.
Rxd7+ Nxd7 28. Re7+ Kg6 29. Rxd7 Rxc2 30. gxf3 Rxb2 31. Rxa7 Kg5 32. Ra4 h5 33.
h4+ Kf6 34. a3 Ke5 35. Rb4 Ra2 36. a4 f4 37. Kf1 Ra1+ 38. Ke2 Ra2+ 39. Kf1 Ra1+
40. Kg2 Ra2+ 41. Kh3 Ra3 42. Rb5+ Kd4 43. Rxh5 Rxf3+ 44. Kg4 Rf1 45. Rh8 f3 46.
Rf8 Rg1+ 47. Kh5 Ke3 48. Kh6 f2 49. h5 f1=Q 50. Rxf1 Rxf1 51. Kg6 Rg1+ 52. Kf7
Rh1 53. Kg6 Ke4 54. h6 Ke5 55. h7 Ke6 56. Kg7 Rg1+ 57. Kf8 Rf1+ 58. Kg8 Rg1+ 59.
Kf8 Rf1+ 60. Kg8 Rg1+ 61. Kf8 1/2-1/2

[Event "Chess24 Banter Blitz Cup"]
[Site "chess24.com INT"]
[Date "2020.01.06"]
[Round "2.18"]
[White "Lagarde, Maxime"]
[Black "Abasov, Nijat"]
[Result "0-1"]
[WhiteTitle "GM"]
[BlackTitle "GM"]
[WhiteElo "2657"]
[BlackElo "2632"]
[WhiteFideId "662399"]
[BlackFideId "13402960"]
[EventDate "2019.09.25"]
[EventType "blitz"]

1. g3 c5 2. Bg2 Nc6 3. d3 g6 4. c4 Bg7 5. Nc3 e6 6. Nf3 Nge7 7. O-O O-O 8. Rb1
d5 9. cxd5 Nxd5 10. Bd2 b6 11. a3 Bb7 12. b4 Nxc3 13. Bxc3 Bxc3 14. bxc5 Na5 15.
Qc1 Bg7 16. cxb6 axb6 17. Qe3 Bxf3 18. Bxf3 Rb8 19. Rb4 Bc3 20. Rh4 Bf6 21. Rb4
Be7 22. Rb5 Bxa3 23. d4 Be7 24. h4 Nc4 25. Qd3 Nd6 26. Rb3 b5 27. h5 Bf6 28. Kg2
e5 29. hxg6 hxg6 30. dxe5 Bxe5 31. Bd5 Nf5 32. Rxb5 Rxb5 33. Qxb5 Bxg3 34. e4
Bb8 35. Rg1 Qg5+ 36. Kf1 Qc1+ 37. Kg2 Nh4+ 38. Kh1 Qh6 39. Rg4 Nf3+ 40. Kg2 Ne1+
41. Kf1 Qh3+ 42. Kxe1 Qxg4 43. Qc6 Be5 44. Kf1 Kg7 45. Qb7 Qf4 46. Ke2 Rb8 0-1

[Event "Chess24 Banter Blitz Cup"]
[Site "chess24.com INT"]
[Date "2020.01.08"]
[Round "2.1"]
[White "Lenderman, Aleksandr"]
[Black "Chigaev, Maksim"]
[Result "1-0"]
[WhiteTitle "GM"]
[BlackTitle "GM"]
[WhiteElo "2648"]
[BlackElo "2644"]
[WhiteFideId "2021285"]
[BlackFideId "4108116"]
[EventDate "2019.09.25"]
[EventType "blitz"]

1. d4 Nf6 2. c4 g6 3. Nc3 Bg7 4. e4 d6 5. Nf3 O-O 6. Be2 e5 7. O-O exd4 8. Nxd4
Re8 9. f3 c6 10. Bf4 Nh5 11. Be3 Nd7 12. Qd2 a6 13. Rfd1 Ne5 14. Rac1 Nf6 15.
Nb3 Be6 16. Qxd6 Qxd6 17. Rxd6 Bxc4 18. Na5 Bxe2 19. Nxe2 Rab8 20. Rcd1 h5 21.
Ba7 Ra8 22. Bb6 Re7 23. Bd8 Rxd8 24. Rxd8+ Kh7 25. Rb8 b5 26. Rc8 Re6 27. Nf4
Re7 28. Nxc6 Nxc6 29. Rxc6 a5 30. Nd5 Nxd5 31. Rxd5 Bxb2 32. Rxb5 Bd4+ 33. Kf1
a4 34. Rb4 Be5 35. g3 h4 36. f4 Bg7 37. Rxa4 h3 38. Rb4 Rd7 39. Ke2 Ra7 40. a4
Bf8 41. Rbc4 Rb7 42. Rc7 Rb2+ 43. Rc2 Rb1 44. Rxf7+ Kg8 45. Rxf8+ Kxf8 46. Kf3 1-0

[Event "Chess24 Banter Blitz Cup"]
[Site "chess24.com INT"]
[Date "2020.01.08"]
[Round "2.2"]
[White "Chigaev, Maksim"]
[Black "Lenderman, Aleksandr"]
[Result "1/2-1/2"]
[WhiteTitle "GM"]
[BlackTitle "GM"]
[WhiteElo "2644"]
[BlackElo "2648"]
[WhiteFideId "4108116"]
[BlackFideId "2021285"]
[EventDate "2019.09.25"]
[EventType "blitz"]

1. e4 e6 2. d4 d5 3. exd5 exd5 4. Bf4 Bd6 5. Qd2 Nf6 6. Nc3 O-O 7. O-O-O Nc6 8.
f3 a6 9. Kb1 b5 10. g4 Na5 11. h4 Nc4 12. Bxc4 dxc4 13. g5 b4 14. gxf6 bxc3 15.
bxc3 Qxf6 16. Bxd6 Qxd6 17. Ka1 Rb8 18. Ne2 Re8 19. Nf4 Bf5 20. Ng2 Rb5 21. Rb1
Qa3 22. Ne3 Reb8 23. Nxc4 Qa4 24. Rb4 Rxb4 25. cxb4 Be6 26. d5 Bf5 27. Ne3 Bd7
28. Rb1 a5 29. bxa5 Rxb1+ 30. Kxb1 Qb5+ 31. Kc1 h6 32. c4 Qa4 33. Qc3 Qxa2 34.
Nc2 1/2-1/2

[Event "Chess24 Banter Blitz Cup"]
[Site "chess24.com INT"]
[Date "2020.01.08"]
[Round "2.3"]
[White "Lenderman, Aleksandr"]
[Black "Chigaev, Maksim"]
[Result "1/2-1/2"]
[WhiteTitle "GM"]
[BlackTitle "GM"]
[WhiteElo "2648"]
[BlackElo "2644"]
[WhiteFideId "2021285"]
[BlackFideId "4108116"]
[EventDate "2019.09.25"]
[EventType "blitz"]

1. d4 Nf6 2. c4 g6 3. Nc3 Bg7 4. e4 d6 5. Nf3 O-O 6. Be2 e5 7. O-O Na6 8. Be3
Qe7 9. Nd5 Nxd5 10. cxd5 exd4 11. Bxd4 Qxe4 12. Bxg7 Kxg7 13. Rc1 Nc5 14. Rc4
Qe7 15. b4 Ne4 16. Qd4+ Nf6 17. Bd3 Re8 18. Rfc1 Bd7 19. Rxc7 Rac8 20. h3 a6 21.
R1c2 Qd8 22. Rxc8 Bxc8 23. a4 Kg8 24. b5 axb5 25. Bxb5 Rf8 26. Nd2 Bf5 27. Rc1
h5 28. Nc4 Ne4 29. Ne3 Qg5 30. Rc7 Nc5 31. h4 Qd8 32. Nxf5 gxf5 33. Qf4 Qxc7 34.
Qg5+ Kh8 35. Qxh5+ Kg8 36. Qg5+ Kh8 37. Qh5+ Kg7 38. Qg5+ 1/2-1/2

[Event "Chess24 Banter Blitz Cup"]
[Site "chess24.com INT"]
[Date "2020.01.08"]
[Round "2.4"]
[White "Chigaev, Maksim"]
[Black "Lenderman, Aleksandr"]
[Result "1-0"]
[WhiteTitle "GM"]
[BlackTitle "GM"]
[WhiteElo "2644"]
[BlackElo "2648"]
[WhiteFideId "4108116"]
[BlackFideId "2021285"]
[EventDate "2019.09.25"]
[EventType "blitz"]

1. e4 e6 2. d3 b6 3. g3 Bb7 4. Bg2 f5 5. Nd2 Nf6 6. Qe2 Bc5 7. Nh3 O-O 8. O-O
fxe4 9. Nxe4 Nxe4 10. Bxe4 Bxe4 11. Qxe4 Nc6 12. Ng5 g6 13. Nxe6 dxe6 14. Qxe6+
Rf7 15. Qxc6 Qf8 16. Be3 Bxe3 17. fxe3 Rd8 18. Rxf7 Qxf7 19. Rf1 Qxa2 20. Qxc7
Rf8 21. Qc4+ Qxc4 22. Rxf8+ Kxf8 23. dxc4 a5 24. b3 Ke7 25. Kf2 1-0

[Event "Chess24 Banter Blitz Cup"]
[Site "chess24.com INT"]
[Date "2020.01.08"]
[Round "2.5"]
[White "Lenderman, Aleksandr"]
[Black "Chigaev, Maksim"]
[Result "1/2-1/2"]
[WhiteTitle "GM"]
[BlackTitle "GM"]
[WhiteElo "2648"]
[BlackElo "2644"]
[WhiteFideId "2021285"]
[BlackFideId "4108116"]
[EventDate "2019.09.25"]
[EventType "blitz"]

1. d4 Nf6 2. c4 g6 3. Nc3 d5 4. Nf3 Bg7 5. cxd5 Nxd5 6. e4 Nxc3 7. bxc3 c5 8.
Be3 Bg4 9. Be2 Nc6 10. e5 cxd4 11. cxd4 Qa5+ 12. Bd2 Qd8 13. Be3 Qa5+ 14. Bd2
Qd8 15. Be3 1/2-1/2

[Event "Chess24 Banter Blitz Cup"]
[Site "chess24.com INT"]
[Date "2020.01.08"]
[Round "2.6"]
[White "Chigaev, Maksim"]
[Black "Lenderman, Aleksandr"]
[Result "1-0"]
[WhiteTitle "GM"]
[BlackTitle "GM"]
[WhiteElo "2644"]
[BlackElo "2648"]
[WhiteFideId "4108116"]
[BlackFideId "2021285"]
[EventDate "2019.09.25"]
[EventType "blitz"]

1. e4 e6 2. d3 c5 3. Nd2 Nc6 4. Ngf3 g6 5. g3 Bg7 6. Bg2 Nge7 7. O-O O-O 8. c3
d6 9. a3 a5 10. a4 e5 11. Nc4 h6 12. Re1 Be6 13. Nfd2 Rb8 14. Ne3 f5 15. Nd5 f4
16. Nc4 g5 17. h3 b6 18. Ra3 Ng6 19. Rb3 Rf7 20. Rxb6 Rxb6 21. Ndxb6 Nce7 22.
Nd5 Nxd5 23. exd5 Bf5 24. Be4 Qd7 25. g4 Bxe4 26. dxe4 Qc7 27. f3 Ne7 28. Qb3
Rf8 29. Qb6 Qc6 30. dxc6 1-0

[Event "Chess24 Banter Blitz Cup"]
[Site "chess24.com INT"]
[Date "2020.01.08"]
[Round "2.7"]
[White "Lenderman, Aleksandr"]
[Black "Chigaev, Maksim"]
[Result "1-0"]
[WhiteTitle "GM"]
[BlackTitle "GM"]
[WhiteElo "2648"]
[BlackElo "2644"]
[WhiteFideId "2021285"]
[BlackFideId "4108116"]
[EventDate "2019.09.25"]
[EventType "blitz"]

1. Nf3 Nf6 2. c4 g6 3. Nc3 Bg7 4. e4 e5 5. Nxe5 O-O 6. Nf3 Re8 7. Bd3 d5 8. cxd5
Bf5 9. Qe2 Nbd7 10. Bc2 Nxe4 11. Nxe4 Bxe4 12. Bxe4 f5 13. d3 Nc5 14. O-O fxe4
15. dxe4 Rxe4 16. Qc2 Qxd5 17. Be3 Rc4 18. Qe2 Qd3 19. Qxd3 Nxd3 20. b3 Bxa1 21.
bxc4 Bf6 22. Rd1 Rd8 23. Bxa7 b6 24. Bb8 Rxb8 25. Rxd3 Ra8 26. a3 Ra4 27. Nd2
Be7 28. Rd7 Bd6 29. g3 Rxa3 30. Ne4 Be5 31. Re7 Ra5 32. c5 Bd4 33. c6 Re5 34.
Nf6+ 1-0

[Event "Chess24 Banter Blitz Cup"]
[Site "chess24.com INT"]
[Date "2020.01.08"]
[Round "2.8"]
[White "Chigaev, Maksim"]
[Black "Lenderman, Aleksandr"]
[Result "1/2-1/2"]
[WhiteTitle "GM"]
[BlackTitle "GM"]
[WhiteElo "2644"]
[BlackElo "2648"]
[WhiteFideId "4108116"]
[BlackFideId "2021285"]
[EventDate "2019.09.25"]
[EventType "blitz"]

1. e4 e5 2. Nf3 Nf6 3. d3 Nc6 4. g3 Bc5 5. Bg2 O-O 6. O-O d5 7. exd5 Nxd5 8. Re1
Re8 9. Nc3 Nxc3 10. bxc3 Bb6 11. Rb1 Bf5 12. h3 f6 13. Nd2 Qd7 14. g4 Be6 15. a4
Bd5 16. Ne4 Rad8 17. Qf3 Ne7 18. c4 Bc6 19. Bd2 a6 20. a5 Ba7 21. Qg3 Ng6 22. h4
Nf8 23. h5 h6 24. Be3 Bd4 25. Nd2 Ne6 26. Bxc6 Qxc6 27. Qg2 Qxg2+ 28. Kxg2 Rb8
29. Ne4 Red8 30. Rb3 b5 31. axb6 Rxb6 32. Rxb6 cxb6 33. Rb1 a5 34. Bxd4 Nxd4 35.
Rxb6 Nxc2 36. c5 Nd4 37. Ra6 Nb3 38. c6 Nd4 39. Nd6 Ne6 40. Nb5 Rc8 41. c7 Nxc7
42. Rc6 Nxb5 43. Rxc8+ Kh7 44. Rc5 Nd4 45. Rxa5 Ne6 46. Kf3 Kh8 47. Ke4 Kh7 48.
Ra7 Nc5+ 49. Ke3 Kg8 50. Rc7 Ne6 51. Re7 Ng5 52. f4 exf4+ 53. Kxf4 Kf8 54. Re1
Kg8 55. Kf5 Kh7 56. Re7 Nf3 57. Kf4 Ng5 58. d4 Nh3+ 59. Kf5 Ng5 60. d5 Nf3 61.
d6 Nd4+ 62. Kf4 Nc6 63. Rc7 Ne5 64. d7 1/2-1/2

[Event "Chess24 Banter Blitz Cup"]
[Site "chess24.com INT"]
[Date "2020.01.08"]
[Round "2.9"]
[White "Lenderman, Aleksandr"]
[Black "Chigaev, Maksim"]
[Result "0-1"]
[WhiteTitle "GM"]
[BlackTitle "GM"]
[WhiteElo "2648"]
[BlackElo "2644"]
[WhiteFideId "2021285"]
[BlackFideId "4108116"]
[EventDate "2019.09.25"]
[EventType "blitz"]

1. d4 Nf6 2. c4 g6 3. g3 Bg7 4. Bg2 O-O 5. Nc3 d6 6. Nf3 Nc6 7. O-O a6 8. b3 Bf5
9. Bb2 Rb8 10. d5 Na7 11. Nd4 Bd7 12. Rc1 c5 13. dxc6 bxc6 14. c5 d5 15. Nf3 Ne4
16. Na4 Bxb2 17. Nxb2 Qa5 18. Na4 Rbd8 19. Ne5 Qc7 20. Qd4 Nb5 21. Qb2 Bf5 22.
Nf3 d4 23. Rfd1 Nec3 24. Rd2 e5 25. Ne1 Nxa4 26. bxa4 Nc3 27. Qb6 Qe7 28. Qxc6
Rc8 29. Qxa6 Rxc5 30. Ra1 Qd8 31. Nd3 Ra5 32. Qb7 Bxd3 33. exd3 Rxa4 34. Re1 Qd6
35. Qc6 Qxc6 36. Bxc6 Ra6 37. Bg2 Ra5 38. h4 Rb8 39. h5 Kg7 40. hxg6 hxg6 41. f4
exf4 42. gxf4 Rxa2 43. Rxa2 Nxa2 44. Re7 Nc3 45. Kf2 Rb2+ 46. Kg3 Ne2+ 47. Kf3
Ng1+ 48. Kg3 Ne2+ 49. Kf3 Nc1 50. Rd7 Nxd3 51. Kg3 Nc1 52. Bf3 Rb3 53. Kg2 Nd3
54. Rxf7+ Kxf7 55. Bd5+ Kf6 56. Bxb3 Nxf4+ 57. Kf3 Ke5 58. Bc2 d3 59. Bb1 g5 60.
Ke3 g4 61. Ba2 g3 62. Kf3 g2 63. Kf2 Kd4 64. Bb3 Kc3 65. Ba4 Kd2 66. Bb5 Kc3 67.
Bxd3 Kxd3 68. Kf3 g1=Q 69. Kxf4 Qf2+ 70. Ke5 Qe2+ 71. Kd6 Qe3 72. Kd7 Qd4+ 73.
Kc7 Kc3 74. Kb8 Kc4 75. Kb7 Qc5 76. Ka8 Kb4 77. Kb7 Qb5+ 0-1

[Event "Chess24 Banter Blitz Cup"]
[Site "chess24.com INT"]
[Date "2020.01.08"]
[Round "2.10"]
[White "Chigaev, Maksim"]
[Black "Lenderman, Aleksandr"]
[Result "0-1"]
[WhiteTitle "GM"]
[BlackTitle "GM"]
[WhiteElo "2644"]
[BlackElo "2648"]
[WhiteFideId "4108116"]
[BlackFideId "2021285"]
[EventDate "2019.09.25"]
[EventType "blitz"]

1. Nf3 Nf6 2. g3 b5 3. Bg2 Bb7 4. O-O e6 5. d3 c5 6. a4 b4 7. e4 d6 8. Nbd2 Be7
9. Re1 O-O 10. Nc4 Nc6 11. e5 dxe5 12. Nfxe5 Qc8 13. Nxc6 Bxc6 14. Bg5 Bxg2 15.
Bxf6 Bxf6 16. Kxg2 Qc6+ 17. Qf3 Qxf3+ 18. Kxf3 Rfd8 19. Rad1 g6 20. b3 Rac8 21.
Kg2 h5 22. f4 Kg7 23. Kf3 Rd7 24. h3 Rh8 25. Re4 Bd4 26. Rde1 Rd5 27. R4e2 g5
28. Ne5 h4 29. g4 gxf4 30. Kxf4 Rh6 31. g5 Rh8 32. Nf3 Bc3 33. Rf1 Rf5+ 34. Kg4
Bd4 35. Re4 Bc3 36. Rf4 Rxf4+ 37. Kxf4 f5 38. gxf6+ Bxf6 39. Ne5 Rh5 40. Rg1+
Kh7 41. Nf3 Rf5+ 42. Ke4 Rh5 43. Rg4 Rd5 44. Ke3 Rh5 45. Re4 e5 46. Rg4 e4 47.
dxe4 Kh6 48. Rf4 Kg6 49. Rg4+ Kf7 50. Kf4 Ke6 51. e5 Bxe5+ 52. Nxe5 Rxe5 53.
Rg6+ Kd5 54. Rg5 Rxg5 55. Kxg5 Kd4 56. Kxh4 Kc3 57. Kg3 Kxc2 58. h4 c4 59. h5
cxb3 60. h6 b2 61. h7 b1=Q 62. h8=Q Qg1+ 0-1

[Event "Chess24 Banter Blitz Cup"]
[Site "chess24.com INT"]
[Date "2020.01.08"]
[Round "2.11"]
[White "Lenderman, Aleksandr"]
[Black "Chigaev, Maksim"]
[Result "1/2-1/2"]
[WhiteTitle "GM"]
[BlackTitle "GM"]
[WhiteElo "2648"]
[BlackElo "2644"]
[WhiteFideId "2021285"]
[BlackFideId "4108116"]
[EventDate "2019.09.25"]
[EventType "blitz"]

1. Nf3 Nf6 2. c4 g6 3. b4 Bg7 4. Bb2 O-O 5. e3 d6 6. Be2 e5 7. d3 a5 8. b5 Nbd7
9. O-O Re8 10. Nc3 Nc5 11. Qc2 e4 12. dxe4 Nfxe4 13. Nxe4 Nxe4 14. Bxg7 Kxg7 15.
Nd2 Nxd2 16. Qxd2 b6 17. Bf3 Rb8 18. Bc6 Bd7 19. Qd4+ Kg8 20. Bd5 Be6 21. Rac1
Qe7 22. Rfd1 Qf8 23. h3 Qg7 24. Qxg7+ Kxg7 25. a4 Re7 26. h4 h5 27. g3 Rbe8 28.
Kf1 Bh3+ 29. Ke1 Bf5 30. Kd2 Bg4 31. Re1 Be6 32. Kd3 f5 33. f3 Kf6 1/2-1/2

[Event "Chess24 Banter Blitz Cup"]
[Site "chess24.com INT"]
[Date "2020.01.08"]
[Round "2.12"]
[White "Chigaev, Maksim"]
[Black "Lenderman, Aleksandr"]
[Result "1/2-1/2"]
[WhiteTitle "GM"]
[BlackTitle "GM"]
[WhiteElo "2644"]
[BlackElo "2648"]
[WhiteFideId "4108116"]
[BlackFideId "2021285"]
[EventDate "2019.09.25"]
[EventType "blitz"]

1. e4 e5 2. Bc4 Nf6 3. d3 c6 4. Nf3 d5 5. Bb3 Bb4+ 6. Bd2 Bd6 7. Nc3 d4 8. Ne2
O-O 9. Ng3 c5 10. O-O Nc6 11. a3 a6 12. h3 b5 13. Nh4 Re8 14. Nhf5 Bf8 15. f4
Be6 16. fxe5 Nxe5 17. Bxe6 fxe6 18. Nh4 Be7 19. Nf3 Nfd7 20. Nxe5 Nxe5 21. Nh5
Bd6 22. Qe1 Qe7 23. Qg3 Nc4 24. Bf4 Bxf4 25. Rxf4 Ne3 26. Nf6+ Kh8 27. Nxe8 Rxe8
28. c3 e5 29. Rf3 g6 30. cxd4 cxd4 31. Rc1 Kg7 32. Rc6 a5 33. Qf2 b4 34. axb4
axb4 35. Rcf6 Nf5 36. R6xf5 gxf5 37. Rxf5 Qe6 38. Kh2 Re7 39. Qd2 h6 40. Qxb4
Rf7 41. g4 Qc6 42. Qd2 Rc7 43. Kg3 Qc2 44. Qxc2 Rxc2 45. Rxe5 Rd2 46. Rd5 Rxd3+
47. Kh4 Rd1 48. b4 d3 49. b5 d2 50. b6 Kg6 51. Rd6+ Kf7 52. b7 Rb1 53. Rxd2 Rxb7
54. Kh5 Rb3 55. h4 Rh3 56. Rd6 Re3 57. Rxh6 Rxe4 58. g5 Kg7 59. Ra6 Re7 60. Rg6+
Kh7 61. Rf6 Kg7 62. Rf4 Kh7 63. Kg4 Kg7 64. h5 Re1 65. h6+ Kg6 66. Rf6+ Kh7 67.
Rf7+ Kh8 68. Ra7 Re6 69. Kh5 Rb6 70. g6 Rb5+ 71. Kg4 1/2-1/2

[Event "Chess24 Banter Blitz Cup"]
[Site "chess24.com INT"]
[Date "2020.01.08"]
[Round "2.13"]
[White "Lenderman, Aleksandr"]
[Black "Chigaev, Maksim"]
[Result "1-0"]
[WhiteTitle "GM"]
[BlackTitle "GM"]
[WhiteElo "2648"]
[BlackElo "2644"]
[WhiteFideId "2021285"]
[BlackFideId "4108116"]
[EventDate "2019.09.25"]
[EventType "blitz"]

1. d4 Nf6 2. c4 g6 3. Nc3 Bg7 4. e4 O-O 5. Nf3 d6 6. Be2 e5 7. O-O exd4 8. Nxd4
c6 9. Bf4 Na6 10. Re1 Nc5 11. Bf3 Re8 12. Qd2 a5 13. Rad1 a4 14. Nc2 Be6 15. Na3
Nfd7 16. Bxd6 Be5 17. Be2 Bxc3 18. Qxc3 Nxe4 19. Qd4 Nxd6 20. Qxd6 Qa5 21. Bf1
Nc5 22. Qg3 Bf5 23. Re5 Rxe5 24. Qxe5 Nd7 25. Qxa5 Rxa5 26. Nc2 Ra8 27. Nd4 Nc5
28. Nxf5 gxf5 29. f3 Kg7 30. Kf2 Kf6 31. Rd6+ Ke5 32. Rh6 a3 33. b4 Na6 34. c5
Nxb4 35. Bc4 Kd4 36. Bxf7 Kxc5 37. Rxh7 Rd8 38. Ke2 Rd7 39. g4 Nxa2 40. gxf5
Nc3+ 41. Ke3 Rxf7 42. Rxf7 a2 43. f6 a1=Q 44. Kf4 Nd5+ 45. Kf5 Qd4 46. h4 Kd6
47. h5 Qf4+ 48. Kg6 Ke6 49. Rf8 Qf5+ 50. Kg7 Nxf6 51. Rh8 Qg5+ 52. Kf8 Nxh5 53.
Rh7 Nf6 54. Re7+ Kd6 55. Kf7 Nd5 56. Re6+ Kc5 57. Rg6 Qf5+ 58. Kg7 1-0

[Event "Chess24 Banter Blitz Cup"]
[Site "chess24.com INT"]
[Date "2020.01.08"]
[Round "2.14"]
[White "Chigaev, Maksim"]
[Black "Lenderman, Aleksandr"]
[Result "1-0"]
[WhiteTitle "GM"]
[BlackTitle "GM"]
[WhiteElo "2644"]
[BlackElo "2648"]
[WhiteFideId "4108116"]
[BlackFideId "2021285"]
[EventDate "2019.09.25"]
[EventType "blitz"]

1. e4 e5 2. Nf3 Nf6 3. d3 Nc6 4. g3 Bc5 5. Bg2 d6 6. O-O O-O 7. Nc3 a6 8. h3 h6
9. Be3 Be6 10. Kh2 Qd7 11. d4 exd4 12. Nxd4 Bc4 13. Re1 Rfe8 14. f4 Rad8 15. b3
Bxd4 16. Bxd4 Nxd4 17. Qxd4 Bb5 18. Rad1 Bc6 19. g4 Qe7 20. Qf2 Nd7 21. h4 Qf6
22. Qg3 g5 23. fxg5 hxg5 24. h5 Qe5 25. Rf1 Qxg3+ 26. Kxg3 Re5 27. Rf2 Nc5 28.
Rdf1 Rf8 29. Rf5 Ne6 30. Rxe5 dxe5 31. Nd5 Nf4 32. Ne7+ Kg7 33. Nxc6 bxc6 34.
Rd1 Re8 35. Bf1 Re6 36. Bxa6 Rf6 37. Bc4 Ne6 38. Bxe6 Rxe6 39. a4 c5 40. a5 Ra6
41. Ra1 Kf6 42. Kf3 Ke7 43. Ke3 Kd7 44. Kd3 Rd6+ 45. Kc4 Kc8 46. c3 Rf6 47. Kxc5
Kb7 48. Rh1 Rc6+ 49. Kd5 Rxc3 50. Kxe5 Rxb3 51. h6 1-0

[Event "Chess24 Banter Blitz Cup"]
[Site "chess24.com INT"]
[Date "2020.01.08"]
[Round "2.15"]
[White "Lenderman, Aleksandr"]
[Black "Chigaev, Maksim"]
[Result "0-1"]
[WhiteTitle "GM"]
[BlackTitle "GM"]
[WhiteElo "2648"]
[BlackElo "2644"]
[WhiteFideId "2021285"]
[BlackFideId "4108116"]
[EventDate "2019.09.25"]
[EventType "blitz"]

1. d4 Nf6 2. c4 g6 3. Nc3 Bg7 4. e4 d6 5. Nf3 O-O 6. Be2 e5 7. O-O Na6 8. Be3 c6
9. d5 Ng4 10. Bg5 f6 11. Bh4 c5 12. Ne1 Nh6 13. f3 Nf7 14. Nc2 h5 15. Qd2 Bh6
16. Qd1 Bd7 17. Bf2 Kg7 18. Be3 Bg5 19. Qd2 h4 20. a3 Qe7 21. b4 b6 22. b5 Nc7
23. a4 a5 24. bxa6 Rxa6 25. Rab1 Rfa8 26. Rb2 Bxa4 27. Nxa4 Rxa4 28. Rxb6 R8a7
29. Rfb1 Ne8 30. Bxg5 fxg5 31. Ne3 Nf6 32. h3 Nh5 33. Ng4 Nf4 34. Bf1 Nh6 35.
Nxh6 Kxh6 36. Rb8 Ra2 37. R1b2 Ra1 38. Rb1 g4 39. fxg4 R7a2 40. R8b2 Qa7 41.
Rxa2 Rxa2 42. Rb2 Ra1 43. g5+ Kxg5 44. Qf2 Qa3 45. Rc2 Qg3 46. Qxg3+ hxg3 47.
Rd2 Re1 48. Rc2 Kh4 49. Rd2 Rxe4 50. Rc2 Re1 51. Rb2 e4 52. Ra2 e3 0-1

[Event "Chess24 Banter Blitz Cup"]
[Site "chess24.com INT"]
[Date "2020.01.08"]
[Round "2.16"]
[White "Chigaev, Maksim"]
[Black "Lenderman, Aleksandr"]
[Result "0-1"]
[WhiteTitle "GM"]
[BlackTitle "GM"]
[WhiteElo "2644"]
[BlackElo "2648"]
[WhiteFideId "4108116"]
[BlackFideId "2021285"]
[EventDate "2019.09.25"]
[EventType "blitz"]

1. e4 e6 2. d3 g6 3. Nd2 Bg7 4. Ngf3 b6 5. g3 Bb7 6. Bg2 d6 7. O-O Nd7 8. a4 a6
9. Re1 Ngf6 10. Nc4 O-O 11. c3 e5 12. Ne3 a5 13. Nd2 Nc5 14. Nb3 Qd7 15. Nxc5
dxc5 16. Qc2 Rad8 17. Rd1 Rfe8 18. b3 h5 19. h4 Bh6 20. Nd5 Bg7 21. Bg5 Qd6 22.
Nxf6+ Bxf6 23. Bxf6 Qxf6 24. Qe2 Rd6 25. Qe3 Red8 26. Rd2 Bc8 27. c4 Rd4 28.
Rad1 Qd6 29. Bf1 Bg4 30. f3 Be6 31. Qg5 Kg7 32. Kh2 f6 33. Qe3 Qe7 34. Re1 Bc8
35. Rf2 Qd6 36. f4 Bg4 37. fxe5 Qxe5 38. Rd2 R4d6 39. Bh3 Bxh3 40. Kxh3 Qc3 41.
Red1 Re6 42. Qf4 Rd7 43. g4 hxg4+ 44. Qxg4 Red6 45. Qg3 Kh7 46. h5 g5 47. Qf3
Qe5 48. Kg4 Kh6 49. Rf2 Re7 50. Qe3 Qe6+ 51. Rf5 Qd7 52. Qf3 Re5 53. Rf1 Kh7 54.
d4 cxd4 55. h6 d3 56. Kh5 Rxf5 57. exf5 Qf7+ 58. Kg4 d2 0-1

[Event "Chess24 Banter Blitz Cup"]
[Site "chess24.com INT"]
[Date "2020.01.08"]
[Round "2.17"]
[White "Lenderman, Aleksandr"]
[Black "Chigaev, Maksim"]
[Result "0-1"]
[WhiteTitle "GM"]
[BlackTitle "GM"]
[WhiteElo "2648"]
[BlackElo "2644"]
[WhiteFideId "2021285"]
[BlackFideId "4108116"]
[EventDate "2019.09.25"]
[EventType "blitz"]

1. d4 Nf6 2. c4 g6 3. Nc3 Bg7 4. e4 O-O 5. Nf3 d6 6. Be2 e5 7. O-O Na6 8. Be3 c6
9. d5 Ng4 10. Bg5 f6 11. Bh4 c5 12. Ne1 Nh6 13. Nc2 Bd7 14. a3 Qe7 15. b4 b6 16.
Qd2 Nf7 17. Qd3 Bh6 18. Rfb1 Bg5 19. Bg3 Kg7 20. b5 Nc7 21. a4 a5 22. bxa6 Rxa6
23. Rb2 Rfa8 24. Rab1 Bxa4 25. Nxa4 Rxa4 26. Rxb6 R8a7 27. h3 Bf4 28. Bh2 Ra2
29. g3 Bh6 30. Kg2 Na6 31. R6b2 Rxb2 32. Rxb2 Rb7 33. Rb5 Ra7 34. Bg1 Nc7 35.
Rb3 Qd7 36. f3 Ng5 37. g4 Nf7 38. Bf2 Bf4 39. Be1 h5 40. Ra3 Ne8 41. Rxa7 Qxa7
42. Qb3 Kh7 43. Bc3 Ng7 44. Qa3 Qe7 45. Qa8 hxg4 46. hxg4 f5 47. Be1 fxg4 48.
fxg4 Ng5 49. Bd3 Qf7 50. Qd8 Bd2 51. Be2 Bxe1 52. Qxg5 Qf2+ 53. Kh3 Qg3# 0-1

[Event "Chess24 Banter Blitz Cup"]
[Site "chess24.com INT"]
[Date "2020.01.08"]
[Round "2.18"]
[White "Chigaev, Maksim"]
[Black "Lenderman, Aleksandr"]
[Result "0-1"]
[WhiteTitle "GM"]
[BlackTitle "GM"]
[WhiteElo "2644"]
[BlackElo "2648"]
[WhiteFideId "4108116"]
[BlackFideId "2021285"]
[EventDate "2019.09.25"]
[EventType "blitz"]

1. e4 c6 2. Nf3 d5 3. d3 g6 4. e5 Bg7 5. d4 f6 6. exf6 Nxf6 7. Be2 O-O 8. O-O
Bg4 9. Nbd2 Nbd7 10. c3 Qc7 11. h3 Bf5 12. Re1 Rae8 13. Nf1 e5 14. dxe5 Nxe5 15.
Ng3 Bd7 16. Nxe5 Qxe5 17. Bd2 Qc7 18. Bf3 Rxe1+ 19. Qxe1 Re8 20. Qd1 Qb6 21. Qc2
Kf7 22. Nf1 Bf5 23. Qc1 Bd3 24. Be3 Qc7 25. Ng3 Nd7 26. Qd2 Ne5 27. Bf4 Ba6 28.
Be2 Bxe2 29. Qxe2 Qd7 30. Qc2 Nc4 31. Rd1 Qe6 32. b3 Na3 33. Qd3 Nb5 34. c4 Nc3
35. Rc1 d4 36. Kh2 h5 37. Bd2 h4 38. Nf1 Qe2 39. Qxe2 Rxe2 40. Kg1 Rxd2 0-1